000 00386nam a22001457a 4500
005 20200606134021.0
008 200606b xxu||||| |||| 00| 0 eng d
082 _a345.4
110 _aALL INDIA REPORTER
_95798
245 _aALL INDIA REPORTER 2006 (V-93) ORISSA SECTION
260 _aMUMBAI
_bALL INDIA REPORTER PVT. LTD.
300 _a240;p
650 _aLAW
_95701
942 _cJRL
999 _c6866
_d6864